| 000 | 01000nac a22002651i 4500 | ||
|---|---|---|---|
| 003 | EG-ScBUE | ||
| 005 | 20231024094017.0 | ||
| 008 | 121212s1979 ua a f b 000 0 ara d | ||
| 017 | _a79 / 1578 | ||
| 020 | _a9777001649 | ||
| 040 |
_aEG-ScBUE _bara _erda _cEG-ScBUE _dEG-ScBUE |
||
| 082 | 0 | 4 |
_a923.2 _bأ م ي _222 |
| 100 | 1 |
_aأمين، أحمد، _eمؤلف. _931652 |
|
| 245 | 1 | 0 |
_aزعماء الإصلاح في العصر الحديث / _cتأليف محمد أمين. |
| 250 | _aالطبعة الرابعة. | ||
| 264 | 1 |
_aالقاهرة : _bمكتبة النهضة المصرية، _c1979. |
|
| 300 |
_a381 صفحة ؛ _bإيضاحيات ؛ _c24 سم |
||
| 336 |
_2rdacontent _aنص _btxt |
||
| 337 |
_2rdamedia _aبدون وسيط _bn |
||
| 338 |
_2rdacarrier _aمجلد _bnc |
||
| 504 | _aيشتمل على إرجاعات ببليوجرافية. | ||
| 650 | 7 |
_aالمصلحون الإجتماعيون _vتراجم. _2BUEsh _931653 |
|
| 655 | _vReading book | ||
| 942 |
_cBB _k923.2 أ م ي _2ddc |
||
| 999 |
_c6003 _d6003 |
||